| 000 | 00639pam a2200205 a 4500 | ||
|---|---|---|---|
| 001 | 3907276 | ||
| 003 | OSt | ||
| 005 | 20140410151558.0 | ||
| 008 | 911004s1992 usa eng | ||
| 020 | _a0-13-312588-2 | ||
| 040 |
_aDLC _cBMC _dDLC |
||
| 082 | _a658.15 | ||
| 100 | 1 |
_aMarshall, John F. _916803 |
|
| 245 | 1 | 0 |
_aFinancial engineering _b: a complete guide to financial innovation _cJohn F. Marshall, Vipul K. Bansal |
| 260 |
_aNueva York [etc.] _bNew York Institute of Finance _ccop. 1992 |
||
| 300 |
_aXXIV, 728 p. _bil. _c24 cm |
||
| 650 | 2 | 4 |
_aIngenierĂa financiera _916802 |
| 700 | 1 |
_aBansal, Vipul K. _916804 |
|
| 942 |
_2ddc _cBK |
||
| 999 |
_c8927 _d8927 |
||